Statistics for Most Installed Overall Apps Of 2023

Click here to take the quiz!

General Stats

  • This quiz has been taken 30 times
  • The average score is 5 of 10

Answer Stats

## Of InstallationsAnswer% Correct
1696MInstagram
100%
3553MFacebook
96%
2654MTiktok
89%
7343MSnapchat
79%
4475MWhatsapp
71%
10248MSpotify
32%
8274MTemu
21%
6355MTelegram
18%
5389MCapcut
11%
9267MWhatsapp Business
4%

Score Distribution

Percentile by Number Answered

Percent of People with Each Score

Your Score History

You have not taken this quiz